| 000 | 01535nam a2200385 a 4500 | ||
|---|---|---|---|
| 001 | ebr10495332 | ||
| 003 | CaPaEBR | ||
| 006 | m u | ||
| 007 | cr cn||||||||| | ||
| 008 | 080211s2008 kyu sb 000 1 eng d | ||
| 010 | _z 2008006154 | ||
| 020 | _z9780813124902 (hardcover : alk. paper) | ||
| 020 | _z9780813191904 (pbk. : alk. paper) | ||
| 020 | _z9780813129273 (e-book) | ||
| 040 |
_aCaPaEBR _cCaPaEBR |
||
| 035 | _a(OCoLC)753970233 | ||
| 043 | _ae-uk-en | ||
| 050 | 1 | 4 |
_aPR3541.L27 _bH46 2008eb |
| 082 | 0 | 4 |
_a823/.6 _222 |
| 100 | 1 |
_aLennox, Charlotte, _dca. 1729-1804. |
|
| 245 | 1 | 0 |
_aHenrietta _h[electronic resource] / _cCharlotte Lennox ; edited by Ruth Perry and Susan Carlile. |
| 260 |
_aLexington, Ky. : _bUniversity Press of Kentucky, _cc2008. |
||
| 300 | _axxxvii, 290 p. | ||
| 490 | 1 | _aEighteenth-century novels by women | |
| 504 | _aIncludes bibliographical references. | ||
| 533 |
_aElectronic reproduction. _bPalo Alto, Calif. : _cebrary, _d2013. _nAvailable via World Wide Web. _nAccess may be limited to ebrary affiliated libraries. |
||
| 650 | 0 |
_aWomen household employees _vFiction. |
|
| 650 | 0 |
_aWomen _zEngland _xSocial conditions _y18th century _vFiction. |
|
| 655 | 7 |
_aElectronic books. _2local |
|
| 700 | 1 |
_aPerry, Ruth, _d1943- |
|
| 700 | 1 |
_aCarlile, Susan, _d1967- |
|
| 710 | 2 | _aebrary, Inc. | |
| 830 | 0 | _aEighteenth-century novels by women. | |
| 856 | 4 | 0 |
_uhttp://site.ebrary.com/lib/rucke/Doc?id=10495332 _zAn electronic book accessible through the World Wide Web; click to view |
| 999 |
_c241066 _d241066 |
||